Vymezení regionů ze sociálně ekonomického pohledu
Vymedzenie vyšších územných samosprávnych území. Hľadiská, ktoré sa uplatňujú pri vymedzovaní budúcich krajov (regiónov, oblastí, zemí). Posudzovanie štatistických ukazovateľov z ktorých sa odvodzujú charakteristiky regiónov. Regionálna politika v Československu pred rokom 1989. Obdobie rokov 1990-1...
Enregistré dans:
| Auteur principal: | |
|---|---|
| Format: | Chapitre de livre |
| Langue: | tchèque |
| Sujets: | |
| Tags: |
Pas de tags, Soyez le premier à ajouter un tag!
|
MARC
| LEADER | 00000naa a2200000 4500 | ||
|---|---|---|---|
| 001 | r015794 | ||
| 005 | 20221213082744.7 | ||
| 041 | 0 | |a cze | |
| 044 | |a CZ | ||
| 245 | 1 | 0 | |a Vymezení regionů ze sociálně ekonomického pohledu |c Miroslav Farský |
| 520 | |a Vymedzenie vyšších územných samosprávnych území. Hľadiská, ktoré sa uplatňujú pri vymedzovaní budúcich krajov (regiónov, oblastí, zemí). Posudzovanie štatistických ukazovateľov z ktorých sa odvodzujú charakteristiky regiónov. Regionálna politika v Československu pred rokom 1989. Obdobie rokov 1990-1992. Vymedzovanie regiónov v krajinách Európskeho spoločenstva, koncepcia hospodárskej politiky, ktorej súčasťou je aj regionálna politika. Prístup ČR pri vymedzovaní euroregiónov, súčasné česko-nemecké regióny. | ||
| 610 | 2 | 0 | |a politika regionálna |
| 610 | 2 | 0 | |a regionalizácia |
| 610 | 2 | 0 | |a regióny |
| 610 | 2 | 0 | |a euroregióny |
| 610 | 2 | 0 | |a regionalistika |
| 610 | 2 | 0 | |a Európske spoločenstvá |
| 610 | 2 | 0 | |a Česko |
| 610 | 2 | 0 | |a Nemecko |
| 100 | 1 | |a Farský, Miroslav | |